Nutrition and food hygiene

Salvato in:
Dettagli Bibliografici
Autore principale: Hudson, Philippa
Altri autori: Symonds, Catherine
Natura: Libro
Lingua:inglese
Pubblicazione: London Hodder & Stoughton 1996
Soggetti:
Tags: Aggiungi Tag
Nessun Tag, puoi essere il primo ad aggiungerne!!

MARC

LEADER 00000nam a2200000 4500
001 c132737
005 20221221083104.3
020 |a 0-340-643-463 
041 0 |a eng 
044 |a GB 
245 1 0 |a Nutrition and food hygiene  |c Philippa Hudson, Catherine Symonds 
264 1 |a London  |b Hodder & Stoughton  |c 1996 
300 |a 215 s. 
610 2 0 |a potraviny 
610 2 0 |a výživa 
610 2 0 |a hygiena výživy 
610 2 0 |a stravovanie spoločné 
610 2 0 |a zdravie 
610 2 0 |a chorobnosť 
610 2 0 |a biológia 
610 2 0 |a kontrola 
100 1 |a Hudson, Philippa 
700 1 |a Symonds, Catherine